[Event "Challenge"]
[Site "http://www.queenalice.com/game.php?id=1118227"]
[Date "2012.11.2"]
[Round "-"]
[White "Lunna"]
[Black "mascarade"]
[Result "0-1"]
[WhiteElo "1114"]
[BlackElo "1851"]

1. Nf3 d5 2. d4 g6 3. e3 Bg4 4. Bb5+ c6 5. Bd3 Bg7 6. h3 Be6 7. O-O Qc7 8. Nbd2
Nd7 9. c3 O-O-O 10. b3 f5 11. g3 Ngf6 12. c4 dxc4 13. bxc4 h5 14. h4 Bh6 15. Rb1
Rhg8 16. Rb3 g5 17. g4 Nxg4 18. hxg5 Bxg5 19. d5 Nxe3 20. fxe3 Bxe3+ 21. Kh1
cxd5 22. cxd5 Bxd5 23. Qe2 Bxd2 24. Rb5 Bxf3+ 25. Qxf3 Bxc1 26. Qxh5 Rh8 27. Rf4
Rxh5+ 28. Kg1 Qxf4 29. Rc5+ Nxc5 0-1

[Event "Challenge"]
[Site "http://www.queenalice.com/game.php?id=1119534"]
[Date "2012.11.6"]
[Round "-"]
[White "felipeborba"]
[Black "Lunna"]
[Result "1-0"]
[WhiteElo "1206"]
[BlackElo "1104"]

1. e4 e5 2. Nf3 Nf6 3. Nc3 Bd6 4. d4 O-O 5. Ng5 exd4 6. Qxd4 c5 7. Qe3 Be5 8.
Qh3 Qe7 9. Nd5 Qd6 10. Nxf6+ gxf6 11. Qxh7# 1-0

[Event "Challenge"]
[Site "http://www.queenalice.com/game.php?id=1119537"]
[Date "2012.11.6"]
[Round "-"]
[White "Shydo"]
[Black "Lunna"]
[Result "1-0"]
[WhiteElo "1872"]
[BlackElo "1110"]

1. e4 e5 2. Nf3 Nf6 3. Bc4 Bc5 4. Ng5 Nxe4 5. Bxf7+ Kf8 6. Nxe4 d5 7. Ng3 Qe7 8.
Qf3 Nd7 9. Bxd5+ Nf6 10. c3 c6 11. Bc4 b6 12. O-O b5 13. Bb3 Rb8 14. Ne4 Rb6 15.
Rd1 Qd7 16. Nxf6 e4 17. Nxd7+ Ke7 18. Qf7+ Kd6 19. Qe6+ 1-0

[Event "Challenge"]
[Site "http://www.queenalice.com/game.php?id=1122494"]
[Date "2012.11.15"]
[Round "-"]
[White "Lunna"]
[Black "Shydo"]
[Result "0-1"]
[WhiteElo "1108"]
[BlackElo "1904"]

1. d4 Nf6 2. Nc3 e6 3. e4 Bb4 4. a3 Bxc3+ 5. bxc3 Nxe4 6. Qd3 f5 7. Nf3 O-O 8.
Bb2 d5 9. Be2 Nc6 10. O-O Rf6 11. c4 Rh6 12. Qb3 Qd6 13. Ne5 Nxe5 14. dxe5 Qe7
15. Rad1 c5 16. Rd3 Qh4 17. g3 Qxh2# 0-1

[Event "Challenge"]
[Site "http://www.queenalice.com/game.php?id=1127225"]
[Date "2012.11.30"]
[Round "-"]
[White "Shydo"]
[Black "Lunna"]
[Result "1-0"]
[WhiteElo "1885"]
[BlackElo "1130"]

1. e4 e5 2. Nf3 Nf6 3. Nc3 Nc6 4. Bb5 a6 5. Bxc6 bxc6 6. O-O Bb7 7. Re1 Be7 8.
Nxe5 d6 9. Nf3 O-O 10. d4 c5 11. d5 Ng4 12. Bf4 c6 13. a3 Qb6 14. Rb1 a5 15.
dxc6 Bxc6 16. h3 Bd7 17. hxg4 Bxg4 18. Nd5 Qc6 19. Nxe7+ Kh8 20. Nxc6 Rab8 21.
Nxb8 Rxb8 22. Qxd6 Rf8 23. Qxf8# 1-0

[Event "Challenge"]
[Site "http://www.queenalice.com/game.php?id=1139215"]
[Date "2013.1.10"]
[Round "-"]
[White "Lunna"]
[Black "Shydo"]
[Result "0-1"]
[WhiteElo "1108"]
[BlackElo "1855"]

1. Nf3 c5 2. e4 d6 3. d3 e6 4. c3 Nf6 5. b4 cxb4 6. cxb4 Be7 7. d4 O-O 8. Bc4
Nbd7 9. O-O Nxe4 10. Qd3 d5 11. Na3 Bxb4 12. Qb3 Bxa3 13. Bxa3 a6 14. Bd3 b5 15.
Rac1 Ndf6 16. Ne5 Nd2 17. Qc3 Nxf1 18. Rxf1 Bb7 19. Bc5 Rc8 20. Qc4 bxc4 21. Bc2
Qa5 22. Nd7 Nxd7 23. Bd6 Rfe8 24. Re1 f6 25. Re3 e5 26. Bd1 exd4 27. Bg4 Rxe3
28. fxe3 Qe1# 0-1

[Event "Challenge"]
[Site "http://www.queenalice.com/game.php?id=1140354"]
[Date "2013.1.13"]
[Round "-"]
[White "walldi"]
[Black "Lunna"]
[Result "1-0"]
[WhiteElo "1038"]
[BlackElo "1128"]

1. e4 e5 2. Bc4 Bc5 3. Nc3 Nf6 4. Nf3 O-O 5. d3 d6 6. Bg5 h6 7. Bh4 a6 8. Nd5
Nfd7 9. Bxd8 Rxd8 10. Nxc7 Bxf2+ 11. Kxf2 Nf6 12. Nxa8 1-0

[Event "Challenge"]
[Site "http://www.queenalice.com/game.php?id=1143920"]
[Date "2013.1.22"]
[Round "-"]
[White "Lunna"]
[Black "Shydo"]
[Result "0-1"]
[WhiteElo "1106"]
[BlackElo "1942"]

1. d4 Nf6 2. Nc3 e6 3. e4 Bb4 4. a3 Bxc3+ 5. bxc3 d6 6. Be3 Nxe4 7. f3 Nxc3 8.
Bd2 Nd5 9. c4 Nb6 10. Rb1 O-O 11. Ne2 Nc6 12. a4 Nxc4 13. Rb3 Nxd2 14. Qxd2 a6
15. Nc3 d5 16. Qf4 Qe7 17. Bd3 f6 18. Qh4 f5 19. Qg3 Nxd4 20. Rb4 Qxb4 21. Qxg7+
Kxg7 22. Kf2 Qxc3 0-1

[Event "Challenge"]
[Site "http://www.queenalice.com/game.php?id=1145342"]
[Date "2013.1.26"]
[Round "-"]
[White "dejami"]
[Black "Lunna"]
[Result "1-0"]
[WhiteElo "1614"]
[BlackElo "1104"]

1. d4 d5 2. e3 c6 3. c3 e6 4. Bd3 Nf6 5. Nf3 Bd6 6. O-O b6 7. b4 O-O 8. Qe2 Ng4
9. e4 Nd7 10. Ng5 f5 11. Nxe6 Qe7 12. exf5 Qf6 13. Qxg4 Bxh2+ 14. Kxh2 1-0

[Event "Challenge"]
[Site "http://www.queenalice.com/game.php?id=1147236"]
[Date "2013.1.31"]
[Round "-"]
[White "dimitridruloza2012"]
[Black "Lunna"]
[Result "1-0"]
[WhiteElo "1434"]
[BlackElo "1102"]

1. d4 d5 2. Nc3 e6 3. e3 c6 4. Nf3 Bd6 5. Bd3 Nf6 6. O-O O-O 7. Ng5 Ng4 8. Bxh7+
Kh8 9. Qxg4 Bxh2+ 10. Kxh2 Qd6+ 11. Kg1 f6 12. Qh4 fxg5 13. Bg6+ Kg8 14. Qh7#
1-0

[Event "Challenge"]
[Site "http://www.queenalice.com/game.php?id=1150231"]
[Date "2013.2.9"]
[Round "-"]
[White "Lunna"]
[Black "Shydo"]
[Result "0-1"]
[WhiteElo "1094"]
[BlackElo "1663"]

1. e4 c5 2. d3 d6 3. c4 e6 4. f3 Nf6 5. Be2 Be7 6. Nh3 O-O 7. O-O Nc6 8. g3 e5
9. Be3 a6 10. b3 b5 11. Nc3 Bxh3 12. b4 Nxb4 13. a3 Nc6 14. Rb1 Bxf1 15. Qxf1
Nd4 16. Bd1 Qa5 17. Bg5 Qxc3 18. Qh3 Qxd3 19. Qxh7+ Nxh7 20. Bxe7 Qxb1 21. Kg2
Qxd1 22. cxb5 axb5 23. Kh3 Qf1+ 24. Kh4 Nxf3+ 25. Kg4 Nxh2+ 26. Kh5 Qf3+ 0-1

[Event "Challenge"]
[Site "http://www.queenalice.com/game.php?id=1243617"]
[Date "2013.12.29"]
[Round "-"]
[White "JeanCanada"]
[Black "Lunna"]
[Result "1-0"]
[WhiteElo "1334"]
[BlackElo "1080"]

1. d4 d5 2. c3 e6 3. f4 g6 4. Nf3 b5 5. Ne5 Ne7 6. e3 Bg7 7. Bxb5+ c6 8. Ba4 O-O
9. h4 Nf5 10. b3 Bh6 11. Nxc6 Nxc6 12. Bxc6 Ng3 13. Kf2 Nxh1+ 14. Qxh1 Ba6 15.
h5 Bd3 16. hxg6 hxg6 17. Qxh6 Qh4+ 18. Qxh4 Be4 19. c4 Rfc8 20. Bxa8 Rxa8 21.
Nc3 1-0

[Event "Challenge"]
[Site "http://www.queenalice.com/game.php?id=1246459"]
[Date "2014.1.8"]
[Round "-"]
[White "Lunna"]
[Black "Shydo"]
[Result "0-1"]
[WhiteElo "1082"]
[BlackElo "1872"]

1. e4 c5 2. c4 e5 3. b3 d6 4. f3 Nf6 5. Nc3 Be7 6. Ba3 O-O 7. Bd3 Nc6 8. Nge2 a6
9. O-O b6 10. Ng3 Be6 11. Qe2 h6 12. Qe3 Nd4 13. f4 Ng4 14. Qf3 Nxf3+ 15. gxf3
Nf6 16. fxe5 dxe5 17. Na4 Qd4+ 18. Kg2 Qxd3 19. Rab1 Qxd2+ 20. Kh1 Bh3 21. Nxb6
Rfd8 22. Rbd1 Qxa2 23. Bxc5 Bxc5 0-1

[Event "Challenge"]
[Site "http://www.queenalice.com/game.php?id=1254189"]
[Date "2014.2.6"]
[Round "-"]
[White "Lunna"]
[Black "Shydo"]
[Result "0-1"]
[WhiteElo "1074"]
[BlackElo "1874"]

1. Nf3 c5 2. e4 d6 3. c3 e6 4. Bd3 Nf6 5. O-O Be7 6. b3 O-O 7. b4 b6 8. c4 a6 9.
bxc5 bxc5 10. Qe2 Bb7 11. Bb2 Nc6 12. Nc3 Qc7 13. Qe3 e5 14. a4 Rad8 15. Ra3 h6
16. h3 Nd4 17. Nh4 Nxe4 18. Bxe4 Bxh4 19. g3 Bf6 20. Nd5 Bxd5 21. cxd5 Rb8 22.
Bc3 Rb7 23. Bf5 Nxf5 24. Qf4 exf4 25. gxf4 Re8 26. Rc1 Bxc3 27. dxc3 c4 28. Rd1
Re2 29. Ra2 Rxa2 30. h4 Qc5 31. Re1 Qxf2+ 0-1

[Event "Challenge"]
[Site "http://www.queenalice.com/game.php?id=1263893"]
[Date "2014.3.10"]
[Round "-"]
[White "Lunna"]
[Black "Shydo"]
[Result "0-1"]
[WhiteElo "1072"]
[BlackElo "1852"]

1. Nf3 c5 2. c3 Nc6 3. d4 cxd4 4. cxd4 d5 5. Nc3 Nf6 6. e3 a6 7. g4 Bxg4 8. Bd3
e5 9. Nh4 Bxd1 10. Kxd1 e4 11. Bc2 Nh5 12. b4 Qxh4 13. Rg1 Qxf2 14. Rg5 Bxb4 0-1